Spongebob Theme Song Lyrics - Statistics

General Stats
  • This quiz has been taken 543 times
  • The average score is 11 of 14
Answer Stats
% Correct
I can't ____ ___ hear you
97%
Are ya _____ ____ ready kids
96%
___ ___ captain aye aye
95%
Who lives in a _________ _____ ___ sea pineapple under the
94%
_________ __________ spongebob squarepants
93%
Spongebob Squarepants spongebob squarepants
93%
Spongebob Squarepants spongebob squarepants
93%
Spongebob Squarepants spongebob squarepants
93%
AYE ___ _______ aye captain
90%
__ oh
86%
Then drop on the ____ ___ ____ ____ _ ____ deck and flop like a fish
61%
the answer is good job, because the rest is just a repeat. good job
52%
Absorbant and yellow and ______ __ __ porous is he
52%
If ________ ________ __ something you wish nautical nonsense be
37%
No matching quizzes found
Score Distribution
Percent of People with Each Score
Percentile by Number Answered
Your Score History
You have not taken this quiz